000
00312nam a22001337a 4500
008
170403b xxu||||| |||| 00| 0 eng d
020
_a
9781883097158
041
_a
eng
080
_a
574
100
_a
9
101
_a
SHM
245
_a
6- WAYS FARMERS CAN PROTECT SURFACE WATER
_c
HIRSCHI, M
942
_2
udc
_c
BK
999
_c
9576
_d
9576